| 000 | 00677nam a2200181 a 4500 | ||
|---|---|---|---|
| 001 | 000022554 | ||
| 005 | 20200930021654.0 | ||
| 008 | 101013s1964 sp a 001 0 spa d | ||
| 040 |
_aDO-SdBNP _bspa _cBNPHU |
||
| 082 |
_axxxx _bI37f |
||
| 100 | 1 |
_aInchaustegui Cabral, J. Marino _946423 |
|
| 245 | 1 | 0 |
_aFrancisco de Bobadilla : _btres homónimos, y un enigma colombino descifrado / _cJ. Marino Inchaustegui Cabral. |
| 260 |
_aMadrid, : _bEdiciones Cultura Hispanica, _c1964. |
||
| 300 |
_a684 p. : _bil. ; _c21 cm. |
||
| 500 | _aIncluye índice geográfico e índice onomástico. | ||
| 504 | _aIncluye referencias bibliográficas y notas al pie de las páginas | ||
| 049 | _aBNPD | ||
| 999 |
_c22051 _d22051 |
||